00520nam a2200193 a 4500001001300000003000900013005001700022008004100039020002300080082002000103100001500123245005100138260002900189300000900218500003500227505002400262650002500286700001500311nice12345678IN_TiNIC20260116014345.0100204s2009 dela grp 000 0 eng  a9789380164182c79500a303.625054bSIN aSingh, B K aInsurgency and Terrorism in India and Pakistan aDelhi bA.K.Pubs. c2009 a276p aincludes index and biblioraphy2 aBibliography, Index aTerrorism-South Asia1 aSingh, B K